Sobre la justicia en Chile

Gespeichert in:
Bibliographische Detailangaben
Hauptverfasser: Ribeiro, Luis Felipe (VerfasserIn), Arancibia, Armando (VerfasserIn), Fuente Moreno, Alonso de (VerfasserIn), Lechner, Norbert (VerfasserIn)
Format: Buch
Sprache:Spanisch
Veröffentlicht: Valparaíso Universitarias de Valparaíso 1973
Ausgabe:1a. ed
Schriftenreihe:CEREN-EUV
Schlagworte:
Tags: Tag hinzufügen
Keine Tags, Fügen Sie den ersten Tag hinzu!

MARC

LEADER 00000cam a2200000 a 4500
001 UCZ5788
003 CL-VaPUC
008 951124e19730000CL |||||||||||||||||spa|d
082 0 4 |a 340.115  |b RIB  |2 21 
100 0 |a Ribeiro, Luis Felipe  |e author  |9 349969 
700 0 |a Arancibia, Armando  |e author  |9 349970 
700 0 |a Fuente Moreno, Alonso de  |e author  |9 349971 
700 |a Lechner, Norbert  |e author  |9 531832 
245 1 0 |a Sobre la justicia en Chile 
250 |a 1a. ed 
300 |a 165 p 
942 |c BK 
945 |d 19951124 00:00:00  |a lriquelm 
260 |a Valparaíso  |b Universitarias de Valparaíso  |c 1973 
600 0 7 |a GARRETON, MANUEL ANTONIO  |2 CL-VaPUC  |9 349973 
650 0 |a Filosofía del derecho   |9 255050 
650 0 |a Justicia   |9 255408 
650 0 |a Participación social  |9 256140 
650 0 |a Estado y sociedad  |9 345536 
651 7 |a CHILE  |2 CL-VaPUC  |9 349974 
583 |a last modification  |c 20190123 12:29:21  |k Rodrigo Vera 
490 0 |a CEREN-EUV 
999 |c 242076  |d 242074 
952 |0 0  |1 0  |4 0  |6 340_115000000000000_RIB_1973  |7 0  |8 P  |9 254786  |a BIBEDU  |b BIBEDU  |c BIBEDU_PB  |d 2019-11-19  |i 1577204  |o 340.115 RIB 1973  |p 1577204  |r 2024-01-25  |w 2019-11-19  |y BK  |k FIL 
952 |0 0  |1 0  |4 0  |6 340_115000000000000_RIB_1973  |7 0  |8 DER_TF  |9 254787  |a BIBDER  |b BIBDER  |d 2019-11-19  |i 181611K  |o 340.115 RIB 1973  |p 181611K  |r 2023-01-25  |w 2019-11-19  |x Ubicación 4to Piso  |y BK  |z Estos recursos deben solicitarse con anticipación  |k DER 
952 |0 0  |1 0  |4 0  |6 340_115000000000000_RIB_1973  |7 0  |8 A  |9 254788  |a BIBDER  |b BIBDER  |d 2019-11-19  |i 1816128  |o 340.115 RIB 1973  |p 1816128  |r 2023-01-25  |w 2019-11-19  |y BK  |k DER 
952 |0 0  |1 0  |4 0  |6 340_115000000000000_RIB_1973  |7 0  |8 X  |9 254789  |a FDOBUD  |b FDOBUD  |d 2019-11-19  |i 1024000  |o 340.115 RIB 1973  |p 1024000  |r 2019-11-19  |w 2019-11-19  |y BK_X  |k BUD 
952 |0 0  |1 0  |3 erb  |4 0  |6 340_115000000000000_RIB_1973  |7 0  |8 A  |9 254790  |a BIBHIS  |b BIBHIS  |i 5038499  |o 340.115 RIB 1973  |p 5038499  |r 2025-01-20  |w 2019-11-19  |y BK  |z Catalogado en:20140717  |k HIS 
952 |0 0  |1 0  |3 erb  |4 0  |6 340_115000000000000_RIB_1973  |7 0  |8 A  |9 254791  |a BIBHIS  |b BIBHIS  |i 5530962  |o 340.115 RIB 1973  |p 5530962  |r 2025-01-20  |w 2019-11-19  |y BK  |z Catalogado en:20190125  |k HIS